Predikční model vztahu zahraničního obchodu a kurzu koruny
Vývoj deficitu zahraničného obchodu a použitých časových radov v rokoch 1993-1997. Modely salda bilancie zahraničného obchodu ČR. Skúsenosti s predikciami týchto modelov.
Salvato in:
| Autore principale: | |
|---|---|
| Altri autori: | |
| Natura: | Capitolo di libro |
| Lingua: | ceco |
| Soggetti: | |
| Tags: |
Nessun Tag, puoi essere il primo ad aggiungerne!!
|
MARC
| LEADER | 00000naa a2200000 4500 | ||
|---|---|---|---|
| 001 | r028025 | ||
| 005 | 20230922092522.6 | ||
| 041 | 0 | |a cze | |
| 044 | |a CZ | ||
| 245 | 1 | 0 | |a Predikční model vztahu zahraničního obchodu a kurzu koruny |c M. Hlušek, M. Singer |
| 520 | |a Vývoj deficitu zahraničného obchodu a použitých časových radov v rokoch 1993-1997. Modely salda bilancie zahraničného obchodu ČR. Skúsenosti s predikciami týchto modelov. | ||
| 610 | 2 | 0 | |a kurz menový |
| 610 | 2 | 0 | |a koruna |
| 610 | 2 | 0 | |a Česko |
| 610 | 2 | 0 | |a obchod zahraničný |
| 610 | 2 | 0 | |a modely |
| 610 | 2 | 0 | |a deficit |
| 610 | 2 | 0 | |a rady časové |
| 610 | 2 | 0 | |a 1993-1997 |
| 610 | 2 | 0 | |a bilancia obchodná |
| 610 | 2 | 0 | |a saldo |
| 100 | 1 | |a Hlušek, M. | |
| 700 | 1 | |a Singer, M. | |